BIBLIOTECA PODER JUDICIAL
Portal Judicial TDF

Reparación integral del daño, igualdad y seguridad jurídica. Una armonización necesaria para reducir decisiones ruidosas / (Registro nro. 5456)

000 -LEADER
fixed length control field 01543nab a22002657a 4500
003 - CONTROL NUMBER IDENTIFIER
control field OSt
005 - DATE AND TIME OF LATEST TRANSACTION
control field 20251023112238.0
008 - FIXED-LENGTH DATA ELEMENTS--GENERAL INFORMATION
fixed length control field 190603e xxum|||| |||| 00| 0 spa d
040 ## - CATALOGING SOURCE
Transcribing agency PJ
100 ## - MAIN ENTRY--PERSONAL NAME
9 (RLIN) 5463
Personal name Depetris, Carlos E.
245 10 - TITLE STATEMENT
Title Reparación integral del daño, igualdad y seguridad jurídica. Una armonización necesaria para reducir decisiones ruidosas /
Statement of responsibility, etc Carlos E. Depetris.
260 ## - PUBLICATION, DISTRIBUTION, ETC. (IMPRINT)
Date of publication, distribution, etc Ciudad Autónoma de Buenos Aires :
Place of publication, distribution, etc Thomson Reuters La Ley,
Name of publisher, distributor, etc 2025.
300 ## - PHYSICAL DESCRIPTION
Extent p. 153-168
500 ## - GENERAL NOTE
General note Cita Online: TR LALEY AR/DOC/424/2025.<br/>
505 ## - FORMATTED CONTENTS NOTE
Formatted contents note Sumario: I. Introducción.— II. Precisiones básicas sobre los principios.— III. Los principios de reparación plena, de igualdad y de seguridad jurídica.— IV. La necesaria armonización de principios en las decisiones sobre daños.— V. El deber de armonizar y ponderar principios en pugna para la determinación del resarcimiento.— VI. Conclusión. Acciones posibles frente al problema desde la mirada de los principios en juego.<br/><br/>
505 ## - FORMATTED CONTENTS NOTE
Title ¿Te interesa el texto completo? Solicitalo al correo: koha@justierradelfuego.gov.ar<br/>
650 #0 - SUBJECT ADDED ENTRY--TOPICAL TERM
9 (RLIN) 1497
Topical term or geographic name as entry element CODIGO CIVIL Y COMERCIAL
650 #0 - SUBJECT ADDED ENTRY--TOPICAL TERM
9 (RLIN) 4077
Topical term or geographic name as entry element REPARACION INTEGRAL
650 #0 - SUBJECT ADDED ENTRY--TOPICAL TERM
9 (RLIN) 1467
Topical term or geographic name as entry element RESPONSABILIDAD CIVIL
650 #0 - SUBJECT ADDED ENTRY--TOPICAL TERM
9 (RLIN) 1237
Topical term or geographic name as entry element IGUALDAD ANTE LA LEY
650 #0 - SUBJECT ADDED ENTRY--TOPICAL TERM
9 (RLIN) 1146
Topical term or geographic name as entry element JUECES
650 #0 - SUBJECT ADDED ENTRY--TOPICAL TERM
9 (RLIN) 1676
Topical term or geographic name as entry element PRINCIPIOS GENERALES DEL DERECHO
773 0# - HOST ITEM ENTRY
Host Biblionumber 2713
Host Itemnumber 3170
Place, publisher, and date of publication Ciudad Autónoma de Buenos Aires : Thomson Reuters La Ley, 2015-
Title Revista Código Civil y Comercial. Nº 2 - Abril 2025
942 ## - ADDED ENTRY ELEMENTS (KOHA)
Source of classification or shelving scheme
Koha item type Analítica Artículo de Revista

No hay ítems disponibles.

12 de Octubre 789 Ushuaia - Tel:  54(02901)441571
Horario de Atención: 8.00 a 17.00 hs. 
bibliotecaush@justierradelfuego.gov.ar
koha@justierradelfuego.gov.ar
Seguinos en nuestras redes @bibliojustdf 

Con tecnología Koha